00388 a2200145 4500003000400000005001700004008004100021020001800062040000900080082001900089100002400108245005700132260004300189300001000232OSt20221114110610.0221114b ||||| |||| 00| 0 eng d a9788125914495 coclc a658.802bGAU/E aGaur, Sanjaya Singh aEvent marketing and management /cSanjaya Singh Gaur aNoida:bVikas publishing house,c2021. a243 p